000 00553nam a2200181Ia 4500
008 151018s9999 xx 000 0 und d
082 _bRBASDV46461
_a891.461
100 _aमंगेश पाडगांवकर
245 _aसूरदास
250 _b2
260 _bपुणे प्रकाशन
_c2004
300 _a131
600 _aमंगेश पाडगांवकर
630 _aसूरदास
700 _aमंगेश पाडगांवकर
730 _aसूरदास
942 _cBOOK
999 _c1045616
_d1045613